000 00686nam a22002297a 4500
999 _c4816
_d4816
001 4433
003 BD-DhUAP
005 20201215142606.0
008 201122s1998 ii a|||| |||| 001 0 eng d
020 _a0471180750
040 _aBD-DhUAP
_bEng
_cBD-DhUAP
_dBD-DhUAP
082 _223
_a547.056710442 BOR
245 _aThe borane, carborane, carbocation continuum /
_cedited by Joseph Casanova... [et al.].
260 _aNew York :
_bJohn wiley,
_cc1998.
300 _axxi, 437 pages :
_billustrations ;
_c24 cm.
500 _aIncludes index.
650 _aBoranes
650 _aCarbonium ions
650 _aCarboranes
_zCongresses.
700 _aCasanova, Joseph.
942 _2ddc
_cBK